Nedokonalosti v realizácii kombinačných logických obvodov

Na minha lista:
Detalhes bibliográficos
Autor principal: Jánoš, Michal (Author)
Outros Autores: Tomalová, Elena, 1947- (Thesis advisor)
Formato: Manuscrito Livro
Idioma:eslovaco
Publicado em: Bratislava : STU, 2006
Assuntos:
Tags: Adicionar Tag
Sem tags, seja o primeiro a adicionar uma tag!

MARC

LEADER 00000ntm a22000003a 4500
001 stu139130
005 20180302144922.0
008 070321s2006----xo------------------slo-d
040 |a STU  |b slo 
041 0 |a slo 
044 |a xo 
100 1 |a Jánoš, Michal  |4 aut 
245 1 |a Nedokonalosti v realizácii kombinačných logických obvodov 
260 |a Bratislava :  |b STU,  |c 2006 
300 |a 60 s  |c príl 
650 7 |a počítačové systémy a siete  |2 stusub 
700 1 |a Tomalová, Elena,  |d 1947-  |4 ths  |u E220  |U FEI Fakulta elektrotechniky a informatiky  |T FEI Katedra informatiky a výpočtovej techniky  |X 1826  |U E220  |Y 69  |7 1826 
996 |c I*DP53/06  |l II680  |s P  |a 0  |w stu139130_0001